000
002590000a22000970004500
100
1
_a
Nazir Ali, Michael J.
245
1
0
_a
Resurgence of dundamentalism in the muslim world
300
_a
Núm 69 (1995), Páginas 22
773
0
_t
World Evangelization
942
_c
ANA
999
_c
57576
_d
57576